书目信息 |
| 题名: |
人物志译注
|
|
| 作者: | 鹿群 译注 | |
| 分册: | ||
| 出版信息: | 上海 上海三联书店 2018 |
|
| 页数: | 140页 | |
| 开本: | 21cm | |
| 丛书名: | 国学经典 | |
| 单 册: | ||
| 中图分类: | C96-092 | |
| 科图分类: | ||
| 主题词: | 人才学--ren cai xue--中国--三国时代 | |
| 电子资源: | ||
| ISBN: | 978-7-5426-6332-0 | |
| 000 | 01027nam 2200301 450 | |
| 001 | 012001009490 | |
| 005 | 20191107111728.06 | |
| 010 | @a978-7-5426-6332-0@dCNY15.80 | |
| 099 | @aCAL 012018133061 | |
| 100 | @a20181024d2018 em y0chiy50 ea | |
| 101 | 0 | @achi |
| 102 | @aCN@b310000 | |
| 105 | @ay z 000yy | |
| 106 | @ar | |
| 200 | 1 | @a人物志译注@Aren wu zhi yi zhu@f鹿群译注 |
| 205 | @a第2版 | |
| 210 | @a上海@c上海三联书店@d2018 | |
| 215 | @a140页@d21cm | |
| 225 | 2 | @a国学经典@Aguo xue jing dian |
| 330 | @a《人物志》是一部系统品鉴人物才性的纵横家著作, 也是一部研究魏晋学术思想的重要参考书。全书总共有3卷12篇, 为三国魏刘劭所作, 南北朝时西凉刘炳曾为之作注。书中讲述的识鉴人才之术、量能用人之方及对人性的剖析。 | |
| 410 | 0 | @12001 @a国学经典 |
| 605 | @a人物志@ARen wu Zhi@x注释 | |
| 605 | @a人物志@ARen wu Zhi@x译文 | |
| 606 | 0 | @a人才学@Aren cai xue@y中国@z三国时代 |
| 690 | @aC96-092@v4 | |
| 701 | 0 | @a鹿群@Alu qun@4译注 |
| 801 | 0 | @aCN@b上海新华@c20191020 |
| 905 | @b1188394-7@dC96-092@e132=2@f4 | |
| 人物志译注/鹿群译注.-第2版.-上海:上海三联书店,2018 |
| 140页;21cm.-(国学经典) |
| ISBN 978-7-5426-6332-0:CNY15.80 |
| 《人物志》是一部系统品鉴人物才性的纵横家著作, 也是一部研究魏晋学术思想的重要参考书。全书总共有3卷12篇, 为三国魏刘劭所作, 南北朝时西凉刘炳曾为之作注。书中讲述的识鉴人才之术、量能用人之方及对人性的剖析。 |
| ● |
| 相关链接 |
|
|
|
|
正题名:人物志译注
索取号:C96-092/132=2
 
预约/预借
| 序号 | 登录号 | 条形码 | 馆藏地/架位号 | 状态 | 备注 |
| 1 | 1188394 | 211883942 | 第一样本阅览室/ [索取号:C96-092/132=2] | 在馆 | |
| 2 | 1188395 | 211883951 | 第一借阅区/ [索取号:C96-092/132=2] | 在馆 | |
| 3 | 1188396 | 211883960 | 第一借阅区/ [索取号:C96-092/132=2] | 在馆 | |
| 4 | 1188397 | 211883979 | 第一借阅区/ [索取号:C96-092/132=2] | 在馆 |